000 00598nam a2200145 i 4500
001 33251
003 ES-MaACL
005 20230906154727.0
008 030201s1920 sp |||| | spa d
100 1 _aBergamín, Francisco.
_9148620
245 1 0 _aNotable oración forense
_b: informe /
_cde Francisco Bergamín, como letrado defensor de D. Francisco Pérez Fernández, director-fundador de Los Previsores del Porvenir, ante la sala segunda del Tribunal Supremo.
260 _aMadrid :
_b[s.n.,
_c1920]
710 2 _aLos Previsores del Porvenir (Asociación)
_9137854
852 _aES-MaACL
_j1602-F-25
999 _c33251
_d33251